| 000 | 00507nam a2200181Ia 4500 | ||
|---|---|---|---|
| 003 | OSt | ||
| 005 | 20240627153957.0 | ||
| 008 | 210210b1958 xxu||||| |||| 00| 0 eng d | ||
| 040 | _cAL | ||
| 041 | _aeng | ||
| 082 | _a859/1192 | ||
| 100 |
_aBINDUMADHAVA KULAKARNI _9146409 _dಬಿಂದುಮಾಧವ ಕುಲಕರ್ಣಿ |
||
| 245 |
_aBanavasi _bಬನವಾಸಿ |
||
| 260 |
_aBengaluru _bVaradaraja Prakashana _c1958 |
||
| 690 |
_aKannada Fiction _9146410 |
||
| 906 | _a021935 | ||
| 942 |
_2ddc _cBK |
||
| 999 |
_c146041 _d146041 |
||